000 00301nam a22001453 4500
001 206991
005 20250909141155.0
090 _a206991
100 _a20250909 ukry50
101 _aukr
102 _aUA
200 _a
210 _d2025
801 _2unimarc
_aUA
_gpsbo
942 _cNEWSPAPER